000 00683nam a2200205 a 4500
005 20210223124113.0
008 010522s1987 mx r 000 0 spa d
020 _a8486556201
035 _aUPN01000106659
049 _aCG
050 4 _aCB61
_bL8.38
100 1 _aLubbock, John,
_cSir,
_d1834-1913.
245 1 4 _aLos orígenes de la civilización /
_cJohn Lubbock.
260 _aBarcelona :
_bAlta Fulla,
_c1987
300 _a508 p.
440 0 _aBiblioteca
_pSerie antropología ;
_v1
500 _aFacsimil de: Los orígenes de la civilización y la condición primitiva del hombre. -- Madrid : Daniel Jorro, 1914.
650 4 _aCIVILIZACION -
_xHISTORIA
_98253
905 _aLibro
999 _c80571
_d80571